| 000 | 00000nam##2200000za#4500 |
| 001 | 9.572537 |
| 003 | CaOODSP |
| 005 | 20220111083112 |
| 007 | cr ||||||||||| |
| 008 | 150406|1998||||xxc|||||o f|0| 0 eng|d |
| 022 | |a1928-6414 |
| 040 | |aCaOODSP|beng |
| 043 | |an-cn--- |
| 086 | 1 |aNE22-1/1998-12E-PDF |
| 110 | 1 |aCanada. |bNational Energy Board. |
| 245 | 10|aReasons for decision in the matter of TransCanada PipeLines Limited : |h[electronic resource]|bapplication dated 29 April 1998, as amended, for 1999 facilities |
| 246 | 1 |iVariant title : |aTransCanada PipeLines Limited |
| 260 | |aCalgary - Alberta : |bNational Energy Board |cNovember 1998. |
| 300 | |a59p.|bglossary, map, tables |
| 490 | 1 |aReasons for decision|x1928-6414|vGH-3-98 |
| 500 | |aThe catalogue number (NE22-1/1998-12E) and ISBN (0-662-27357-5) for the print edition have been incorrectly copied in this electronic publication. |
| 590 | |a12-09-Supp|b2012-03-21 |
| 775 | 08|tMotifs de décision relativement à TransCanada PipeLines Limited : |w(CaOODSP)9.602882 |
| 776 | 0#|tIn the matter of TransCanada PipeLines Limited : |w(CaOODSP)9.614633 |
| 830 | #0|aReasons for decision (Canada. National Energy Board)|x1928-6414|vGH-3-98|w(CaOODSP)9.504480 |
| 856 | 40|ahttp://publications.gc.ca|qPDF|s236 KB|uhttps://publications.gc.ca/collections/Collection/NE22-1-1998-12E.pdf|yGH-3-98 |